Która drużyna NBA zdobyla najwięcej mistrzostw? - Statystyki

Ogólne statystyki
  • Ten quiz został rozwiązany 326 razy
  • Średni wynik to 4 z 5
Statystyki odpowiedzi
Liczba mistrzostw Drużyna % Poprawnych
17 Los Angeles Lakers
100%
17 Boston Celtic
94%
6 Chicago Bulls
90%
5 San Antonio Spurs
78%
6 Golden State Warriors
49%
Nie znaleziono quizów pasujących do podanych kryteriów
Rozkład punktacji
Procent ludzi z każdym wynikiem
Percentyl według liczby udzielonych odpowiedzi
Twoja historia wyników
Nie rozwiązałeś tego quizu